| 000 | 00392nam a2200145Ia 4500 | ||
|---|---|---|---|
| 008 | 240729s9999 xx 000 0 und d | ||
| 022 | _a1995-7270 | ||
| 245 | 0 | _aMalawi Medical Journal | |
| 260 | _aMalawi | ||
| 260 | _bUniversity of Malawi, College of Medicine | ||
| 650 | _aMedicine | ||
| 856 | _uhttps://doaj.org/toc/8ec84bbcbc96461f9940708d174d569b | ||
| 942 | _2ddc | ||
| 942 | _cDOAJEJ | ||
| 999 |
_c72090 _d72090 |
||
| 945 |
_a1 _bMadushi Gamage _c1 _dMadushi Gamage |
||